000 00628nam a22002057a 4500
005 20211117122509.0
008 211117b ||||| |||| 00| 0 eng d
020 _a9789391060688
040 _aIN-DiNC
_cIN-DiNC
041 _deng
082 _a370.15
_bGUP
100 _aGupta, Indrani Sen
_eauthor
245 _aExperimental psychology and laboratory practicals/
_cby Indrani Sen Gupta and Suma Chakraborty
250 _a1st ed.
260 _aDibrugarh:
_bBanalata,
_c2021
300 _a134p.
650 _aMemory, attention, learning, personality, intelligence
700 _aChaktaborty, Suma
_eauthor
942 _2ddc
_cBK
999 _c11233
_d11233